000 00489nam a2200169 i 4500
001 70332
003 ES-MaACL
005 20230906170805.0
007 t|
008 040721s1966 sp ||||1| spa d
100 1 _aGarcía Ruescas, Francisco.
_955233
245 1 0 _aProcedimientos y técnicas de la publicidad /
_cFrancisco G. Ruescas.
250 _a1ª ed.
260 _aMadrid :
_bPrag,
_c[1966]
300 _a387 p.. 4 lám. :
_bil. ;
_c30 cm.
852 _aES-MaACL
_jC-31459
_bR.61584
999 _c70332
_d70332